[Event "Superettan(Lulea-Orebro)"]
[Site "?"]
[Date "2010.10.23"]
[Round "1"]
[White "Lind, Jan-Olov"]
[Black "Pettersson, Tobias"]
[Result "0-1"]
[WhiteElo "2232"]
[BlackElo "2154"]
[PlyCount "100"]
[EventDate "2010.??.??"]

1. e4 d6 2. d4 Nf6 3. Nc3 c6 4. a4 Nbd7 5. Nf3 e5 6. dxe5 dxe5 7. Bc4 Be7 8.
O-O O-O 9. Qe2 b6 10. Bg5 Nh5 11. Bxe7 Qxe7 12. Ba6 Nf4 13. Qc4 Bxa6 14. Qxa6
Qb4 15. Rfb1 Nc5 16. Qf1 Nxe4 17. Nxe4 Qxe4 18. Re1 Qxc2 19. Nxe5 Rfe8 20. g3
Ng6 21. Re2 Qc5 22. Rc1 Qe7 23. Rce1 Nxe5 24. Rxe5 Qxe5 25. Rxe5 Rxe5 26. Qd3
Rd5 27. Qc4 Rc8 28. Qe4 Rcd8 29. Kg2 g6 30. Qc4 Rc5 31. Qe2 Rd4 32. b3 a5 33.
h4 h5 34. Qe7 Rd2 35. Qe8+ Kg7 36. Qe3 Rdc2 37. Qd4+ Kh7 38. Kh3 Rf5 39. f4 Rd5
40. Qxb6 Rdd2 41. Qg1 c5 42. Qh1 Rb2 43. Qg1 Kg7 44. Qh1 Rxb3 45. f5 gxf5 46.
Qc1 Rbb2 47. Qc3+ f6 48. g4 hxg4+ 49. Kg3 Rg2+ 50. Kf4 Rbf2+ 0-1

[Event "Superettan(Lulea-Orebro)"]
[Site "?"]
[Date "2010.10.23"]
[Round "1"]
[White "Marklund, Niklas"]
[Black "Blomstrom, Lars"]
[Result "1-0"]
[WhiteElo "2231"]
[BlackElo "2179"]
[PlyCount "99"]
[EventDate "2010.??.??"]

1. d4 Nf6 2. c4 g6 3. Nc3 Bg7 4. e4 d6 5. Be2 O-O 6. Nf3 e5 7. O-O Nbd7 8. Re1
c6 9. d5 c5 10. a3 h6 11. b4 Ne8 12. Nd2 f5 13. Rb1 b6 14. Qc2 Ndf6 15. bxc5
bxc5 16. exf5 gxf5 17. Bd3 Ng4 18. h3 Nxf2 19. Kxf2 Qh4+ 20. Kf1 e4 21. Be2 e3
22. Nd1 exd2 23. Qxd2 Nf6 24. Qf4 Qxf4+ 25. Bxf4 Ne4 26. Bd3 Ba6 27. Kg1 Bd4+
28. Kh2 Rf6 29. Ne3 Re8 30. Nf1 Be5 31. Bxe5 Rxe5 32. Ng3 Nxg3 33. Kxg3 f4+ 34.
Kf3 Rg5 35. Rb8+ Rf8 36. Rxf8+ Kxf8 37. Kxf4 Rxg2 38. Re6 Ra2 39. Rxd6 Rxa3 40.
Ke5 Rxd3 41. Rxa6 Rd4 42. Ra4 Ke7 43. Rxa7+ Ke8 44. Kd6 Rxc4 45. Kc7 Rd4 46. d6
c4 47. Ra8+ Kf7 48. d7 c3 49. d8=Q Rxd8 50. Kxd8 1-0

[Event "Superettan(Lulea-Orebro)"]
[Site "?"]
[Date "2010.10.23"]
[Round "1"]
[White "Larsson, Patrik"]
[Black "Pousette, Gunnar"]
[Result "0-1"]
[WhiteElo "2046"]
[BlackElo "2032"]
[PlyCount "149"]
[EventDate "2010.??.??"]

1. e4 c5 2. c3 d5 3. exd5 Qxd5 4. d4 Nf6 5. Na3 e6 6. Nf3 Qd8 7. Bf4 Be7 8.
dxc5 Nd5 9. Bb5+ Bd7 10. Bd6 a6 11. Be2 O-O 12. O-O Bc6 13. Ne5 Bxd6 14. Nxc6
Bxh2+ 15. Kxh2 Nxc6 16. Bf3 Ne5 17. g3 Qf6 18. Bxd5 exd5 19. Kg2 Rad8 20. Nc2
Qg6 21. Nd4 Qe4+ 22. Kg1 Nd3 23. b4 Rfe8 24. Qf3 Nxb4 25. Qxe4 dxe4 26. Rab1
Nd3 27. Rxb7 Nxc5 28. Rc7 Rc8 29. Ra7 g6 30. Rb1 e3 31. fxe3 Rxe3 32. Kg2 Rxc3
33. Rf1 Rf8 34. Rc7 Ne4 35. Rxc3 Nxc3 36. a3 Rd8 37. Nc6 Rd2+ 38. Kh3 Nd5 39.
Ne5 f5 40. Rb1 Kg7 41. Rb7+ Kf6 42. Nf3 Rd3 43. Kg2 Rxa3 44. Rxh7 Ne3+ 45. Kg1
Ra1+ 46. Kf2 Ng4+ 47. Kg2 Ra2+ 48. Kg1 Ne3 49. Nh4 Ra1+ 50. Kf2 Ng4+ 51. Kg2 g5
52. Nf3 Ra2+ 53. Kg1 Ne3 54. Rh6+ Kg7 55. Re6 f4 56. gxf4 gxf4 57. Re4 Nd5 58.
Nd4 Nc3 59. Re6 a5 60. Rd6 Ne2+ 61. Nxe2 Rxe2 62. Rd4 f3 63. Ra4 Re5 64. Rf4
Kg6 65. Rxf3 a4 66. Ra3 Re4 67. Kf2 Kf5 68. Kf3 Ke5 69. Ra1 Kd5 70. Ra2 Rb4 71.
Ke3 Kc4 72. Kd2 Kb3 73. Rc2 a3 74. Rc8 a2 75. Rc1 0-1

[Event "Superettan(Lulea-Wasa)"]
[Site "?"]
[Date "2010.10.24"]
[Round "1"]
[White "Astrom, Goran"]
[Black "Astrom, Robert"]
[Result "0-1"]
[WhiteElo "2330"]
[BlackElo "2503"]
[PlyCount "94"]
[EventDate "2010.??.??"]

1. e4 c5 2. Nf3 d6 3. d4 cxd4 4. Nxd4 Nf6 5. Nc3 a6 6. Be3 e5 7. Nb3 Be6 8. f3
h5 9. Qd2 Nbd7 10. a4 Be7 11. Be2 O-O 12. O-O Rc8 13. a5 Qc7 14. Rfd1 Rfd8 15.
Kh1 Nc5 16. Nxc5 dxc5 17. Qe1 Rxd1 18. Bxd1 c4 19. Na4 Qc6 20. Be2 Nd7 21. c3
Bd8 22. Nb6 Nxb6 23. axb6 Bxb6 24. Qf2 Bd8 25. Bf1 a5 26. Rd1 Be7 27. Qg3 Qb5
28. Rd2 h4 29. Qf2 Qb3 30. f4 exf4 31. Qxf4 Qb5 32. e5 Qc6 33. Kg1 b5 34. h3 b4
35. Be2 bxc3 36. bxc3 a4 37. Bf3 Qb5 38. Be4 a3 39. Bd4 Qa5 40. Qf2 g6 41. Kh2
Qc7 42. g3 hxg3+ 43. Qxg3 Kg7 44. Rf2 Rg8 45. h4 Bxh4 46. Qxh4 Rh8 47. Qxh8+
Kxh8 0-1

[Event "Superettan(Lulea-Wasa)"]
[Site "?"]
[Date "2010.10.24"]
[Round "1"]
[White "Setterqvist, Kurt"]
[Black "Wedberg, Tom"]
[Result "0-1"]
[WhiteElo "2330"]
[BlackElo "2562"]
[PlyCount "76"]
[EventDate "2010.??.??"]

1. Nf3 c5 2. g3 Nc6 3. Bg2 e5 4. d3 g6 5. O-O Bg7 6. e4 Nge7 7. c3 O-O 8. a3 d6
9. b4 a6 10. Bb2 h6 11. Nbd2 Be6 12. Re1 Qd7 13. Rb1 f5 14. exf5 gxf5 15. Nc4
Bxc4 16. dxc4 e4 17. Nh4 Ne5 18. f3 Nxc4 19. fxe4 f4 20. Qb3 b5 21. e5 d5 22.
e6 Qd6 23. Qc2 fxg3 24. Ng6 Rf2 25. Nxe7+ Qxe7 26. Re2 Ne3 27. Qd3 Nxg2 28.
hxg3 c4 29. Qd2 Rxe2 30. Qxe2 Re8 31. Kxg2 Qxe6 32. Qxe6+ Rxe6 33. Kf3 Kf7 34.
a4 Rf6+ 35. Kg2 Rg6 36. axb5 axb5 37. Ra1 Be5 38. Ra5 Rxg3+ 0-1

[Event "Superettan(Lulea-Wasa)"]
[Site "?"]
[Date "2010.10.24"]
[Round "1"]
[White "Wenzel, Birger"]
[Black "Engstrom, Kaj"]
[Result "0-1"]
[WhiteElo "2235"]
[BlackElo "2261"]
[PlyCount "82"]
[EventDate "2010.??.??"]
[SourceDate "2010.11.10"]

1. d4 d5 2. Nf3 Nf6 3. c4 c6 4. Nbd2 e6 5. g3 Bb4 6. Qc2 O-O 7. Bg2 Ne4 8. O-O
f5 9. Ne5 Nxd2 10. Bxd2 Bxd2 11. Qxd2 Nd7 12. Nxd7 Bxd7 13. Rac1 Qe7 14. f3 Be8
15. e4 dxc4 16. Rxc4 Rd8 17. e5 c5 18. Rd1 b6 19. a4 f4 20. Qe1 cxd4 21. Kh1
fxg3 22. hxg3 d3 23. Qe3 Bg6 24. f4 Qf7 25. Rc6 Qf5 26. Kg1 Rd7 27. b4 Rfd8 28.
Rd2 Rd4 29. a5 bxa5 30. bxa5 h5 31. Kh2 Qf7 32. Bh3 Bf5 33. Bxf5 Qxf5 34. Rc7
a6 35. Rc6 h4 36. Rxa6 hxg3+ 37. Kxg3 Re4 38. Qf3 Rf8 39. Rf2 Qg6+ 40. Qg4 Re3+
41. Kh4 Qh6+ 0-1

[Event "Superettan(Lulea-Wasa)"]
[Site "?"]
[Date "2010.10.24"]
[Round "1"]
[White "Almstrom, Martin"]
[Black "Collett, Peter"]
[Result "1/2-1/2"]
[WhiteElo "2283"]
[BlackElo "2285"]
[PlyCount "96"]
[EventDate "2010.??.??"]

1. c4 c5 2. g3 Nc6 3. Bg2 g6 4. e3 Bg7 5. Ne2 e5 6. Nbc3 Nge7 7. O-O O-O 8. b3
d6 9. Bb2 Bg4 10. h3 Bd7 11. d3 Rb8 12. Rb1 a6 13. Ne4 f5 14. N4c3 b5 15. Nd5
Kh8 16. f4 Be6 17. d4 e4 18. Nxe7 Nxe7 19. cxb5 axb5 20. dxc5 dxc5 21. Qc1 Qb6
22. Bxg7+ Kxg7 23. Qc3+ Kg8 24. Rfc1 Rbc8 25. Kh2 Nd5 26. Qe5 Nxe3 27. b4 Nc4
28. bxc5 Rxc5 29. Qd4 Bf7 30. Rd1 Rb8 31. Nc3 Qc6 32. Bxe4 fxe4 33. Nxe4 Ne5
34. fxe5 Rc2+ 35. Kg1 Be6 36. g4 Kg7 37. a4 Rc4 38. Qf2 Rxe4 39. Rd6 Qc4 40.
Qf6+ Kg8 41. Rf1 Qc5+ 42. Kh1 Rxe5 43. Rd8+ Rxd8 44. Qxd8+ Kg7 45. Qf6+ Kg8 46.
Qd8+ Kg7 47. Qf6+ Kg8 48. Qd8+ Kg7 1/2-1/2

[Event "Superettan(Lulea-Wasa)"]
[Site "?"]
[Date "2010.10.24"]
[Round "1"]
[White "Marchand, Erick"]
[Black "Marklund, Niklas"]
[Result "1-0"]
[WhiteElo "2082"]
[BlackElo "2231"]
[PlyCount "67"]
[EventDate "2010.??.??"]

1. d4 Nf6 2. c4 c5 3. d5 b5 4. cxb5 g6 5. Nc3 a6 6. b6 d6 7. Nf3 Bg7 8. e4 O-O
9. Nd2 Nbd7 10. a4 Nxb6 11. a5 Nbd7 12. Nc4 Ne8 13. Be2 Nc7 14. O-O Nb5 15. Na4
Rb8 16. Bd2 Bb7 17. Bc3 Nd4 18. Nab6 Nf6 19. Bd3 e6 20. dxe6 Nxe4 21. Nd7 fxe6
22. Nxf8 Qxf8 23. f3 Nxc3 24. bxc3 Nb5 25. Nb6 Nxc3 26. Qe1 Qf6 27. Kh1 Rd8 28.
Qe3 Kf7 29. Rae1 Qe5 30. Be4 d5 31. Qxc5 dxe4 32. fxe4+ Ke8 33. Rf8+ Bxf8 34.
Qxe5 1-0

[Event "Superettan(Lulea-Wasa)"]
[Site "?"]
[Date "2010.10.24"]
[Round "1"]
[White "Dedorsson, Tomas"]
[Black "Soderberg, Per"]
[Result "1/2-1/2"]
[WhiteElo "2080"]
[BlackElo "2196"]
[PlyCount "65"]
[EventDate "2010.??.??"]

1. d4 Nf6 2. Nf3 e6 3. Bg5 c5 4. e3 Qb6 5. Qc1 Nc6 6. c3 d5 7. Nbd2 Be7 8. Bd3
h6 9. Bh4 Bd7 10. Ne5 Nxe5 11. dxe5 Ng8 12. Bxe7 Nxe7 13. c4 O-O 14. O-O Qc7
15. f4 f5 16. exf6 Rxf6 17. Nf3 d4 18. Ne5 Nc6 19. Nxc6 Bxc6 20. exd4 cxd4 21.
Qd2 Raf8 22. g3 e5 23. fxe5 Qxe5 24. Rxf6 Rxf6 25. Re1 Qd6 26. Be4 Re6 27. Bxc6
Rxe1+ 28. Qxe1 bxc6 29. Qe8+ Kh7 30. Qe4+ Kh8 31. Qe8+ Kh7 32. Qe4+ Kh8 33.
Qe8+ 1/2-1/2

[Event "Superettan(Lulea-Wasa)"]
[Site "?"]
[Date "2010.10.24"]
[Round "1"]
[White "Ohrn, Stellan"]
[Black "Pousette, Gunnar"]
[Result "1/2-1/2"]
[WhiteElo "1980"]
[BlackElo "2032"]
[PlyCount "116"]
[EventDate "2010.??.??"]

1. d4 Nf6 2. c4 e6 3. Nc3 Bb4 4. e3 O-O 5. Bd3 d5 6. Nf3 c5 7. O-O Nc6 8. a3
Bxc3 9. bxc3 b6 10. a4 Qc7 11. cxd5 exd5 12. h3 Re8 13. Nd2 Bb7 14. Ba3 Ne7 15.
Qc2 Ng6 16. a5 cxd4 17. axb6 Qxc3 18. exd4 Qxc2 19. Bxc2 axb6 20. Bxg6 hxg6 21.
Bb4 Ba6 22. Rfc1 Bd3 23. Ra3 Rxa3 24. Bxa3 b5 25. Nf3 Bc4 26. Re1 Rxe1+ 27.
Nxe1 Ne4 28. Nc2 Nc3 29. Bc5 f5 30. h4 Kf7 31. Nb4 Ne2+ 32. Kh2 g5 33. hxg5 Kg6
34. g3 Kxg5 35. f3 Kh5 36. Kg2 g5 37. Kf2 Nc1 38. Ke3 Nb3 39. Bb6 Kg6 40. Kf2
Kf6 41. Ke3 Ke6 42. Bc7 Nc1 43. Bb6 Ne2 44. Kf2 f4 45. g4 Kd7 46. Ke1 Nc3 47.
Kf2 Nd1+ 48. Ke1 Ne3 49. Bc5 Ke6 50. Bb6 Kf6 51. Bd8+ Kg6 52. Be7 Bb3 53. Bd8
Kh6 54. Be7 Ng2+ 55. Ke2 Nh4 56. Bf8+ Kg6 57. Be7 Bc4+ 58. Kf2 Kh6 1/2-1/2

[Event "Superettan(Lulea-Wasa)"]
[Site "?"]
[Date "2010.10.24"]
[Round "1"]
[White "Bjorkbom, Kent"]
[Black "Safholm, Sten"]
[Result "1/2-1/2"]
[WhiteElo "2076"]
[BlackElo "2043"]
[PlyCount "113"]
[EventDate "2010.??.??"]

1. d4 Nf6 2. c4 e6 3. Nf3 Bb4+ 4. Nbd2 c5 5. a3 Bxd2+ 6. Qxd2 b6 7. e3 Bb7 8.
Be2 Qc7 9. O-O O-O 10. b3 d5 11. dxc5 bxc5 12. Bb2 Ne4 13. Qc2 Nd7 14. Rac1
Rac8 15. Nd2 f5 16. f3 Nxd2 17. Qxd2 Nf6 18. Rfd1 Qe7 19. Bc3 Rfd8 20. Qc2 dxc4
21. Bxf6 Qxf6 22. Bxc4 Qe5 23. Rd3 Rxd3 24. Qxd3 Bd5 25. Qc3 Qxc3 26. Rxc3 Bxc4
27. Rxc4 Rb8 28. Rc3 Kf7 29. Kf2 Kf6 30. Ke2 Rb5 31. Kd3 h6 32. Kc4 a6 33. a4
Rb4+ 34. Kxc5 a5 35. Rd3 Ke7 36. Kc6 Kf6 37. h3 g6 38. Kd6 Rb7 39. g4 Rb4 40.
Rc3 Rb7 41. Rd3 Rb4 42. Rc3 Rb7 43. f4 g5 44. gxf5 exf5 45. fxg5+ hxg5 46. Kd5
Rb4 47. Rc6+ Kf7 48. Ke5 Rxb3 49. Kxf5 Rxe3 50. Ra6 Rxh3 51. Ra7+ Ke8 52. Kxg5
Rd3 53. Rxa5 Kd7 54. Kf5 Kc6 55. Ke4 Rd8 56. Rh5 Kb6 57. a5+ 1/2-1/2

[Event "Superettan(Team Malmo-Mark)"]
[Site "?"]
[Date "2010.10.24"]
[Round "1"]
[White "Abdollahzadeh, Arash"]
[Black "Johansson, Thomas"]
[Result "0-1"]
[WhiteElo "2302"]
[BlackElo "2255"]
[PlyCount "101"]
[EventDate "2010.11.08"]
[SourceDate "2010.11.08"]

1. e4 Nf6 2. e5 Nd5 3. d4 d6 4. c4 Nb6 5. exd6 cxd6 6. Nf3 g6 7. Be3 Bg7 8. Nc3
O-O 9. Be2 e5 10. dxe5 dxe5 11. Qxd8 Rxd8 12. c5 N6d7 13. O-O-O Nc6 14. Bc4 h6
15. Rd6 Nf8 16. Rxd8 Nxd8 17. Nb5 Be6 18. Bxe6 Ndxe6 19. Nd6 Rb8 20. Rd1 f5 21.
Rd5 e4 22. Ne1 f4 23. Nxe4 fxe3 24. fxe3 Rc8 25. b4 Rc7 26. Nd6 Rd7 27. Nc2 Nc7
28. Rd1 Be5 29. Na3 Bc3 30. Nac4 Bxb4 31. Nxb7 Nce6 32. Rxd7 Nxd7 33. c6 Nb6
34. Nxb6 axb6 35. Kc2 Nc7 36. Kd3 Kf7 37. Kc4 Ba3 38. e4 h5 39. Kb3 Be7 40. a4
Ke6 41. Kc4 Ke5 42. Kd3 Na6 43. Kc4 Nc7 44. Kd3 g5 45. g3 g4 46. Ke3 Na6 47.
Kd3 Nb4+ 48. Kc4 Nxc6 49. Kb5 Na5 50. Kxb6 Nxb7 51. Kxb7 0-1

[Event "Superettan(Team Malmo-Mark)"]
[Site "?"]
[Date "2010.10.24"]
[Round "1"]
[White "Oskarsson, Bo-Lennart"]
[Black "Lindahl, Jonas"]
[Result "1-0"]
[WhiteElo "2207"]
[BlackElo "2250"]
[PlyCount "30"]
[EventDate "2010.??.??"]

1. e4 e6 2. d4 d5 3. exd5 exd5 4. Nf3 Bd6 5. c4 Nf6 6. Nc3 O-O 7. Bg5 dxc4 8.
Bxc4 Re8+ 9. Be2 Nbd7 10. O-O Nb6 11. Re1 c6 12. Ne5 Bf5 13. Bf1 Bc7 14. Qf3
Bd7 15. Ne4 Rxe5 1-0

[Event "Superettan(Team Malmo-Mark)"]
[Site "?"]
[Date "2010.10.24"]
[Round "1"]
[White "Nilsson, Anders"]
[Black "Hautajarvi, Jukka"]
[Result "0-1"]
[WhiteElo "2284"]
[BlackElo "2177"]
[PlyCount "79"]
[EventDate "2010.??.??"]
[SourceDate "2010.11.08"]

1. d4 Nf6 2. c4 c5 3. d5 e5 4. Nc3 d6 5. e4 Be7 6. g3 O-O 7. Bg2 Nbd7 8. Nge2
Ne8 9. O-O g6 10. Be3 Ng7 11. Qd2 Nf6 12. f3 Bd7 13. Rab1 a5 14. a3 a4 15. b4
axb3 16. Rxb3 Bc8 17. Bh6 Ra6 18. Kh1 Kh8 19. Nc1 Ng8 20. Be3 f5 21. Nd3 Nf6
22. f4 exf4 23. Bxf4 fxe4 24. Nf2 Nf5 25. Ncxe4 Nd4 26. Rc3 Nxe4 27. Nxe4 Bf5
28. Ng5 Rb6 29. h4 Qd7 30. Re3 Bf6 31. Ne4 Bxe4 32. Rxe4 Bg7 33. Rfe1 Nf5 34.
Re6 Qd8 35. Bg5 Qa8 36. g4 Rb2 37. Qd3 Nd4 38. Rf1 Rxf1+ 39. Bxf1 Qf8 40. Re1
0-1

[Event "Superettan(Team Malmo-Mark)"]
[Site "?"]
[Date "2010.10.24"]
[Round "1"]
[White "Svensson, Leif"]
[Black "Malmqvist, Glenn"]
[Result "1/2-1/2"]
[WhiteElo "2129"]
[BlackElo "2226"]
[PlyCount "145"]
[EventDate "2010.??.??"]

1. d4 d5 2. Nc3 Nf6 3. Bg5 Bf5 4. e3 e6 5. g4 Bg6 6. Nge2 Be7 7. Nf4 Ne4 8.
Bxe7 Qxe7 9. Nxe4 Bxe4 10. f3 Qh4+ 11. Ke2 Bg6 12. c3 c6 13. Qe1 Qe7 14. h4 f6
15. Kd2 Bf7 16. Qg3 Nd7 17. Nd3 O-O-O 18. b4 Rhe8 19. f4 Bg6 20. h5 Be4 21. Rg1
g6 22. Nf2 e5 23. hxg6 hxg6 24. a4 Qd6 25. fxe5 fxe5 26. Nxe4 dxe4 27. Kc2 Qf6
28. Be2 Qg5 29. Rad1 Nb6 30. dxe5 Nd5 31. Kb3 Nxe3 32. Rxd8+ Rxd8 33. Rh1 Nd5
34. Rd1 Nf4 35. Rxd8+ Kxd8 36. Bc4 Qxe5 37. Qh4+ g5 38. Qh7 Nd5 39. Qg8+ Kd7
40. Qf7+ Kd6 41. Qf8+ Kd7 42. Qf7+ Ne7 43. Qf1 Qf4 44. Qd1+ Qd6 45. Qe2 Qe5 46.
Qd2+ Nd5 47. Be2 Kc7 48. Bc4 a6 49. b5 axb5 50. axb5 e3 51. Qc2 Nf4 52. Qh7+
Kb6 53. bxc6 bxc6 54. Qg8 Qe7 55. Qb8+ Qb7 56. Qe5 Ka7+ 57. Kc2 Qh7+ 58. Qf5
Qxf5+ 59. gxf5 Kb6 60. f6 Kc5 61. f7 Ng6 62. Bd3 Nf8 63. Be4 Kd6 64. Kd3 c5 65.
Kxe3 Ke6 66. Kd3 Kxf7 67. Kc4 Ne6 68. Kd5 Kf6 69. c4 g4 70. Kd6 g3 71. Kd5 Ng5
72. Bg2 Ne6 73. Be4 1/2-1/2

[Event "Superettan(Team Malmo-Mark)"]
[Site "?"]
[Date "2010.10.24"]
[Round "1"]
[White "Rasmussen, Rogvi"]
[Black "Olofsson, Hans-Erik"]
[Result "1-0"]
[WhiteElo "2225"]
[BlackElo "2118"]
[PlyCount "49"]
[EventDate "2010.??.??"]

1. e4 c5 2. Nf3 e6 3. d4 cxd4 4. Nxd4 Nc6 5. Nc3 Qc7 6. Be3 a6 7. Bd3 Bb4 8.
O-O Nf6 9. f4 b5 10. Nxc6 Bxc3 11. bxc3 Qxc6 12. Bd4 Nxe4 13. f5 Bb7 14. Qg4
Nf6 15. Qg3 O-O-O 16. a4 h5 17. axb5 axb5 18. Ra5 h4 19. Qh3 Rh5 20. Rxb5 d6
21. Rfb1 Rd7 22. Rb6 Qa4 23. fxe6 fxe6 24. Qxe6 Qa8 25. Rxb7 1-0

[Event "Superettan(Team Malmo-Mark)"]
[Site "?"]
[Date "2010.10.24"]
[Round "1"]
[White "Forsberg, Timmy"]
[Black "Abedinov, Adnan"]
[Result "1-0"]
[WhiteElo "2117"]
[BlackElo "2167"]
[PlyCount "79"]
[EventDate "2010.??.??"]

1. d4 f5 2. Nc3 d5 3. Bf4 Nf6 4. e3 e6 5. Nf3 Bd6 6. Bd3 O-O 7. O-O Bd7 8. Ne2
Ne4 9. Bxe4 fxe4 10. Nd2 Nc6 11. f3 Bxf4 12. Nxf4 g5 13. Nh5 Be8 14. fxe4 Rxf1+
15. Kxf1 Bg6 16. e5 Nb4 17. Nf6+ Kh8 18. e4 dxe4 19. Ndxe4 Nd5 20. Nxd5 Qxd5
21. Nxg5 h6 22. Nf3 Rf8 23. Kf2 Qd8 24. Qd2 Kg7 25. Kg1 Be4 26. Rf1 Qd5 27. b3
b5 28. c3 c5 29. Qe3 c4 30. b4 Bd3 31. Rf2 a5 32. bxa5 Qd8 33. Ne1 Bf5 34. Nf3
Qxa5 35. Nh4 b4 36. g4 b3 37. axb3 cxb3 38. gxf5 b2 39. Qg3+ Kf7 40. Qg6+ 1-0

[Event "Superettan(Team Malmo-Mark)"]
[Site "?"]
[Date "2010.10.24"]
[Round "1"]
[White "Jonsson, Lennart"]
[Black "Frisk, Anders"]
[Result "1-0"]
[WhiteElo "2103"]
[BlackElo "1821"]
[PlyCount "85"]
[EventDate "2010.??.??"]

1. d4 f5 2. f4 Nf6 3. Nf3 g6 4. e3 Bg7 5. Bd3 d6 6. b3 O-O 7. Bb2 h6 8. Qe2 Nc6
9. a3 e5 10. Bc4+ Kh7 11. d5 Ne7 12. fxe5 dxe5 13. Nxe5 Ng4 14. Nxg4 Bxb2 15.
Ra2 Bg7 16. Nf2 Nxd5 17. O-O Nb6 18. Bd3 Re8 19. Qf3 Nd7 20. Qg3 Be5 21. Qf3
Bg7 22. Qg3 Be5 23. Qf3 Nc5 24. Nd2 Bd7 25. Nc4 Bc6 26. Qh3 Bg7 27. Bxf5 Qg5
28. Bd3 b5 29. Na5 Rxe3 30. Qg4 Qxg4 31. Nxg4 Re6 32. Nxc6 Rxc6 33. Bxb5 Rd6
34. b4 Ne4 35. Bd3 Nc3 36. Raa1 Bd4+ 37. Kh1 h5 38. Rf7+ Kg8 39. Nh6+ Kh8 40.
Rxc7 Nd5 41. Nf7+ Kg8 42. Nxd6 Bxa1 43. Bc4 1-0

[Event "Superettan(Team Malmo-Mark)"]
[Site "?"]
[Date "2010.10.24"]
[Round "1"]
[White "Tairi, Faruk"]
[Black "Sixtensson, Mikael"]
[Result "1-0"]
[WhiteElo "2453"]
[BlackElo "2277"]
[PlyCount "59"]
[EventDate "2010.??.??"]

1. e4 g6 2. d4 c5 3. Nf3 cxd4 4. Nxd4 Bg7 5. Nc3 Nc6 6. Be3 Nf6 7. Bc4 O-O 8.
Bb3 d6 9. f3 Qa5 10. Qd2 Nxd4 11. Bxd4 Be6 12. O-O-O Rfc8 13. Kb1 b5 14. Rhe1
Bxb3 15. cxb3 b4 16. Bxf6 bxc3 17. Bxc3 Bxc3 18. bxc3 Rxc3 19. Re3 Rac8 20.
Rxc3 Rxc3 21. Kb2 Rc5 22. Qxa5 Rxa5 23. b4 Rb5 24. Kb3 Kg7 25. a4 Rb7 26. b5 f5
27. Kb4 fxe4 28. fxe4 Rc7 29. a5 Rb7 30. b6 1-0

[Event "Superettan(Rockaden,Umea-Orebro)"]
[Site "?"]
[Date "2010.10.24"]
[Round "1"]
[White "Nygren, Kim"]
[Black "Wickstrom, Lucas"]
[Result "0-1"]
[WhiteElo "2327"]
[BlackElo "2301"]
[PlyCount "116"]
[SourceDate "2010.11.10"]

1. e4 c5 2. Nf3 Nc6 3. d4 cxd4 4. Nxd4 e5 5. Nb5 d6 6. N1c3 a6 7. Na3 Be7 8.
Be3 Nf6 9. Nc4 b5 10. Nb6 Rb8 11. Ncd5 Nxd5 12. Nxd5 O-O 13. a4 bxa4 14. Rxa4
a5 15. Qc1 Nb4 16. Bc4 Bd7 17. Ra3 h6 18. O-O Bg5 19. f4 Nxd5 20. Bxd5 exf4 21.
Bxf4 Qb6+ 22. Kh1 Bxf4 23. Qxf4 Qxb2 24. Rxa5 Be6 25. c4 Qe2 26. Ra3 Rb2 27.
Rg3 Bh3 28. e5 dxe5 29. Qf6 Bg4 30. Rxg4 Qxg4 31. Qxe5 Rf2 32. Rc1 Qe2 33. Qa1
Qb2 34. Qxb2 Rxb2 35. Rf1 Rc2 36. h3 g6 37. Rf6 Kg7 38. Rc6 Re2 39. Rc7 Kf6 40.
Kh2 Re7 41. Rc6+ Ke5 42. Ra6 Rc8 43. Ra2 Rcc7 44. Ra6 f6 45. Ra8 h5 46. Ra2 h4
47. Re2+ Kf4 48. Rf2+ Kg5 49. Rd2 Re1 50. Rd4 f5 51. g3 Re2+ 52. Bg2 hxg3+ 53.
Kxg3 Re3+ 54. Bf3 Rc3 55. h4+ Kh6 56. h5 R7xc4 57. Rd6 Rg4+ 58. Kf2 Rxf3+ 0-1

[Event "Superettan(Rockaden,Umea-Orebro)"]
[Site "?"]
[Date "2010.10.24"]
[Round "1"]
[White "Forsberg, Viktor"]
[Black "Drugge, Patrick"]
[Result "1-0"]
[WhiteElo "2359"]
[BlackElo "2357"]
[PlyCount "99"]

1. Nf3 d6 2. d4 Bg4 3. e4 Nd7 4. h3 Bh5 5. Nc3 e5 6. Be2 c6 7. O-O Be7 8. a4 h6
9. a5 Ngf6 10. Be3 Qc7 11. a6 b6 12. d5 cxd5 13. exd5 Rc8 14. Nh4 Bxe2 15. Qxe2
Nc5 16. Nf3 O-O 17. Nb5 Qb8 18. c4 Ne8 19. b4 Nd7 20. Nd2 Nc7 21. Nxc7 Qxc7 22.
Rac1 Nb8 23. Ra1 f5 24. f3 Bg5 25. Bxg5 hxg5 26. Rfe1 Qe7 27. Nb1 Nd7 28. Nc3
Nf6 29. Nb5 g4 30. fxg4 fxg4 31. hxg4 Qd7 32. g5 Ng4 33. Rf1 g6 34. Nxa7 Qxa7
35. Qxg4 b5+ 36. c5 dxc5 37. Qe6+ Kh7 38. Qh3+ Kg8 39. Qe6+ Kh7 40. Rxf8 Rxf8
41. Qh3+ Kg8 42. Qe3 Rc8 43. Ra3 Rc7 44. d6 Rd7 45. bxc5 b4 46. c6 bxa3 47.
Qxa7 Rxa7 48. d7 a2 49. d8=Q+ Kh7 50. Qa5 1-0

[Event "Superettan(Rockaden,Umea-Orebro)"]
[Site "?"]
[Date "2010.10.24"]
[Round "1"]
[White "Lundin, Jan"]
[Black "Malmstig, Erik"]
[Result "0-1"]
[WhiteElo "2325"]
[BlackElo "2310"]
[PlyCount "118"]

1. d4 Nf6 2. c4 e6 3. Nc3 Bb4 4. f3 c5 5. a3 Bxc3+ 6. bxc3 h6 7. e4 d6 8. Bd3
Nc6 9. Be3 Qe7 10. f4 e5 11. Nf3 Ng4 12. Bd2 exf4 13. d5 Nce5 14. Bxf4 Nxd3+
15. Qxd3 f5 16. Nd2 g5 17. h3 gxf4 18. hxg4 fxg4 19. g3 fxg3 20. Qxg3 h5 21.
O-O h4 22. Qf4 Qe5 23. Qf7+ Kd8 24. Qf6+ Kc7 25. Rab1 Bd7 26. Qxe5 dxe5 27. Nb3
b6 28. Nc1 Raf8 29. Nd3 Kd6 30. Rxf8 Rxf8 31. Rf1 Rxf1+ 32. Kxf1 Ba4 33. Ne1
Bb3 34. Ng2 Bxc4+ 35. Kf2 Bd3 36. Ke3 h3 37. Nh4 Bf1 38. Kf2 Bc4 39. Nf5+ Kc7
40. Ne3 Bd3 41. Nxg4 h2 42. Nxh2 Bxe4 43. c4 Bd3 44. Ng4 Kd6 45. Ne3 a6 46. a4
Bg6 47. Nd1 Bc2 48. Nb2 Bf5 49. Nd1 Bd3 50. Nb2 Bc2 51. Ke3 a5 52. Kd2 Bg6 53.
Nd1 e4 54. Nc3 Ke5 55. d6 Be8 56. Nd5 Kxd6 57. Nxb6 Bc6 58. Ke2 Kc7 59. Nd5+
Bxd5 0-1

[Event "Superettan(Rockaden,Umea-Orebro)"]
[Site "?"]
[Date "2010.10.24"]
[Round "1"]
[White "Hammar, Ulf"]
[Black "Gruvaeus, Curt"]
[Result "1/2-1/2"]
[WhiteElo "2281"]
[BlackElo "2333"]
[PlyCount "112"]

1. d4 g6 2. e4 Bg7 3. Nc3 d6 4. Be3 Nd7 5. Qd2 a6 6. g4 b5 7. a4 b4 8. Nce2 c5
9. Ng3 Qc7 10. f4 cxd4 11. Bxd4 e5 12. fxe5 Nxe5 13. Be2 Ne7 14. a5 N7c6 15.
Bb6 Qe7 16. O-O-O Bxg4 17. Bxg4 Nxg4 18. Qxd6 Qxd6 19. Rxd6 Rc8 20. Nf3 O-O 21.
Rf1 h5 22. Kb1 Nge5 23. b3 Nxf3 24. Rxf3 Rfe8 25. h4 Be5 26. Rd5 Re6 27. Ne2
Rf6 28. Rxf6 Bxf6 29. Bf2 Kg7 30. Nd4 Ne5 31. Be1 Ng4 32. Bxb4 Ne3 33. Rc5 Re8
34. Bc3 Rxe4 35. Ne2 Ng4 36. Bxf6+ Nxf6 37. Nc3 Rxh4 38. Rc6 Rh1+ 39. Kb2 h4
40. Rxa6 h3 41. Rxf6 Kxf6 42. Ne4+ Ke5 43. Nf2 Re1 44. Nxh3 Kd6 45. b4 Kd5 46.
Nf4+ Kc4 47. Nd3 Re8 48. Ka3 g5 49. Ka4 g4 50. a6 g3 51. Nf4 Re1 52. Ka5 Rc1
53. Ng2 Ra1+ 54. Kb6 Kxb4 55. Nf4 Kc3 56. Ne2+ Kxc2 1/2-1/2

[Event "Superettan(Rockaden,Umea-Orebro)"]
[Site "?"]
[Date "2010.10.24"]
[Round "1"]
[White "Blomstrom, Lars"]
[Black "Engman, Rickard"]
[Result "1/2-1/2"]
[WhiteElo "2179"]
[BlackElo "2241"]
[PlyCount "72"]

1. e4 e5 2. Nf3 Nc6 3. Bb5 a6 4. Ba4 Nf6 5. O-O Bc5 6. c3 b5 7. Bb3 d6 8. d4
Bb6 9. a4 Bg4 10. Be3 O-O 11. Na3 exd4 12. cxd4 Re8 13. axb5 axb5 14. Qd3 Nxe4
15. Qxb5 Bd7 16. Qd3 Qf6 17. Nc2 Na7 18. Rfc1 Bb5 19. Qd1 c5 20. Bd5 Bc6 21.
Bxc6 Nxc6 22. dxc5 dxc5 23. Rxa8 Rxa8 24. Qd5 Qe6 25. Qxe6 fxe6 26. b4 Ba7 27.
bxc5 Bxc5 28. Bxc5 Nxc5 29. Ne3 Ra5 30. Nc4 Ra2 31. Nfe5 Nxe5 32. Nxe5 Ra5 33.
g3 h6 34. h4 Kh7 35. Nc6 Rb5 36. Nd4 Ra5 1/2-1/2